• 首页
  • 本馆介绍
  • 公告通知
  • 最新文献
  • 馆藏检索
  • 电子资源
  • 读者导购
  • 参考咨询
  • 我的图书馆
  • 登录
  • 详细信息显示
  • 放入我的书架
  • 预约/预借图书
  • 作者相关作品
  • 分类相关作品
  • 丛书相关作品
  • 出版社相关作品

书目信息

  • 表格格式
  • 工作单格式
  • 卡片格式
题名:
世界历史
    
 
作者: ;人民教育出版社历史室 编著
分册: 第一册  
出版信息: 北京   人民教育出版社  1994
页数: 197页
开本: 26cm
丛书名:
单 册:
中图分类: G634.52
科图分类:
主题词: 世界史课--初中--教材
电子资源:
ISBN: 7-107-02093-5
000 00844nam0 2200241 450
001 CAL 012000505227
005 20070613091017.81
010    @a7-107-02093-5@dCNY6.90
100    @a19970310e1994 ekmy0chiy0120 ea
101 0  @achi
102    @aCN@b110000
105    @aabfkz 000yy
200 1  @a世界历史@Ashi jie li shi@h第一册@f人民教育出版社历史室编著@Fren min jiao yu chu ban she li shi shi bian zhu
210    @a北京@c人民教育出版社@d1994
215    @a197页@c图@d26cm
300    @a经国家教委中小学教材审定委员会审查试用
300    @a九年义务教育三年制初级中学教科书
314    @a本书由人民教育出版社历史室编著,王宏志、严志梁主编。
606 0  @a世界史课@x初中@j教材
690    @aG634.52@v3
711 02 @a人民教育出版社历史室@Aren min jiao yu chu ban she li shi shi@4编著
801  0 @aCN@bPFT@c20070613
905    @a10447@dG634.52@e507:1
    
    世界历史.第一册/人民教育出版社历史室编著.-北京:人民教育出版社,1994
    197页:图;26cm
    经国家教委中小学教材审定委员会审查试用.-九年义务教育三年制初级中学教科书
    
    ISBN 7-107-02093-5:CNY6.90
    
●
相关链接 在E读中查询图书 在五车中查询图书 在当当中查询图书 在豆瓣中查询图书


正题名:世界历史     索取号:G634.52/507:1         预约/预借

序号 登录号 条形码 馆藏地/架位号 状态 备注
1 0640150   206401507   库房3/ [索取号:G634.52/507:1] 在馆    
2 0640151   206401516   库房3/ [索取号:G634.52/507:1] 在馆    
3 0640152   206401525   库房3/ [索取号:G634.52/507:1] 在馆    
4 0640153   206401534   库房3/ [索取号:G634.52/507:1] 在馆    
5 0640154   206401543   库房3/ [索取号:G634.52/507:1] 在馆    
6 0640155   206401552   库房3/ [索取号:G634.52/507:1] 在馆    
7 0640156   206401561   库房3/ [索取号:G634.52/507:1] 在馆    
8 0640157   206401570   库房3/ [索取号:G634.52/507:1] 在馆    
9 0640158   206401589   库房3/ [索取号:G634.52/507:1] 在馆    
10 0640159   206401598   库房3/ [索取号:G634.52/507:1] 在馆    
11 0640160   206401605   库房3/ [索取号:G634.52/507:1] 在馆    
12 0640161   206401614   库房3/ [索取号:G634.52/507:1] 在馆    
13 0640162   206401623   库房3/ [索取号:G634.52/507:1] 在馆    
14 0640163   206401632   库房3/ [索取号:G634.52/507:1] 在馆    
15 0640164   206401641   库房3/ [索取号:G634.52/507:1] 在馆    
16 0640165   206401650   库房3/ [索取号:G634.52/507:1] 在馆    
17 0640166   206401669   库房3/ [索取号:G634.52/507:1] 在馆    
18 0640167   206401678   库房3/ [索取号:G634.52/507:1] 在馆    
19 0640168   206401687   库房3/ [索取号:G634.52/507:1] 在馆    
20 0640169   206401696   库房3/ [索取号:G634.52/507:1] 在馆    
21 0640170   206401703   库房3/ [索取号:G634.52/507:1] 在馆    
22 0640171   206401712   库房3/ [索取号:G634.52/507:1] 在馆    
23 0640172   206401721   库房3/ [索取号:G634.52/507:1] 在馆    
24 0640173   206401730   库房3/ [索取号:G634.52/507:1] 在馆    
25 0640174   206401749   库房3/ [索取号:G634.52/507:1] 在馆    
26 0640175   206401758   库房3/ [索取号:G634.52/507:1] 在馆    
27 0640176   206401767   库房3/ [索取号:G634.52/507:1] 在馆    
28 0640177   206401776   库房3/ [索取号:G634.52/507:1] 在馆    
29 0640178   206401785   库房3/ [索取号:G634.52/507:1] 在馆    
30 0640179   206401794   库房3/ [索取号:G634.52/507:1] 在馆    
31 0640180   206401801   库房3/ [索取号:G634.52/507:1] 在馆    
32 0640181   206401810   库房3/ [索取号:G634.52/507:1] 在馆    
33 0640182   206401829   库房3/ [索取号:G634.52/507:1] 在馆    
34 0640183   206401838   库房3/ [索取号:G634.52/507:1] 在馆    
35 0640184   206401847   库房3/ [索取号:G634.52/507:1] 在馆    
36 0640185   206401856   库房3/ [索取号:G634.52/507:1] 在馆    
37 0640186   206401865   库房3/ [索取号:G634.52/507:1] 在馆    
38 0640187   206401874   库房3/ [索取号:G634.52/507:1] 在馆    
39 0640188   206401883   库房3/ [索取号:G634.52/507:1] 在馆    
40 0640189   206401892   库房3/ [索取号:G634.52/507:1] 在馆    
41 0640190   206401909   库房3/ [索取号:G634.52/507:1] 在馆    
42 0640191   206401918   库房3/ [索取号:G634.52/507:1] 在馆    
43 0640192   206401927   库房3/ [索取号:G634.52/507:1] 在馆    
44 0640193   206401936   库房3/ [索取号:G634.52/507:1] 在馆    
唐山师范学院图书馆 欢迎您!
大连网信软件有限公司© 版权所有